De Stijl (Record no. 1468)

MARC details
000 -CABECERA
campo de control de longitud fija 00964nam a2200253 a 4500
001 - NÚMERO DE CONTROL
campo de control BRCA_1673
005 - FECHA Y HORA DE LA ÚLTIMA TRANSACCIÓN
campo de control 20190320203513.0
008 - DATOS DE LONGITUD FIJA--INFORMACIÓN GENERAL
campo de control de longitud fija 280508s1986----sp-a---###---#000-0#spa-#
020 ## - NÚMERO INTERNACIONAL ESTÁNDAR DEL LIBRO
Número Internacional Estándar del Libro 8420690368
050 #4 - SIGNATURA TOPOGRÁFICA DE LA BIBLIOTECA DEL CONGRESO
Número de clasificación N6948.5
Número de documento/Ítem .S75 1986
245 10 - MENCIÓN DE TÍTULO
Título De Stijl
Resto del título 1917-1931 : visiones de utopía
Mención de responsabilidad, etc. introducción de Hans L.C. Jaffé ; Manfred Bock ... [et al.] ; coordinación de Mildred Friedman ; versión española de Fernando Villaverde.
260 ## - PUBLICACIÓN, DISTRIBUCIÓN, ETC.
Lugar de publicación, distribución, etc. Madrid
Nombre del editor, distribuidor, etc. Alianza
Fecha de publicación, distribución, etc. 1986
300 ## - DESCRIPCIÓN FÍSICA
Extensión 254 p.
Otras características físicas il. (algunas a color)
Dimensiones 28 cm.
500 ## - NOTA GENERAL
Nota general Traducción de : De Stijl 1817-1931 - Visions of Utopia
500 ## - NOTA GENERAL
Nota general Incluye índice onomástico
504 ## - NOTA DE BIBLIOGRAFÍA, ETC.
Nota de bibliografía, etc. Bibliografía : p. 245-247
610 24 - PUNTO DE ACCESO ADICIONAL DE MATERIA--NOMBRE DE ENTIDAD CORPORATIVA
Nombre de entidad corporativa o nombre de jurisdicción como elemento de entrada De Stijl (Movimiento artístico)
Subdivisión geográfica Holanda
9 (RLIN) 5214
650 14 - PUNTO DE ACCESO ADICIONAL DE MATERIA--TÉRMINO DE MATERIA
Término de materia o nombre geográfico como elemento de entrada Arte moderno
Subdivisión cronológica Siglo XX
9 (RLIN) 1863
650 14 - PUNTO DE ACCESO ADICIONAL DE MATERIA--TÉRMINO DE MATERIA
Término de materia o nombre geográfico como elemento de entrada Artistas holandeses
9 (RLIN) 5215
700 1# - PUNTO DE ACCESO ADICIONAL--NOMBRE DE PERSONA
Nombre de persona Jaffé, Hans L.C
9 (RLIN) 5216
700 1# - PUNTO DE ACCESO ADICIONAL--NOMBRE DE PERSONA
Nombre de persona Bock, Manfred
9 (RLIN) 5217
700 1# - PUNTO DE ACCESO ADICIONAL--NOMBRE DE PERSONA
Nombre de persona Villaverde, Fernando
9 (RLIN) 5218
942 ## - ELEMENTOS DE PUNTO DE ACCESO ADICIONAL (KOHA)
Fuente del sistema de clasificación o colocación Library of Congress Classification
Tipo de ítem Koha Libros
Holdings
Estado de retiro Estado de pérdida Estado dañado No para préstamo Localización permanente Ubicación/localización actual Fecha de adquisición Total de préstamos Signatura topográfica completa Código de barras Fecha visto por última vez Precio válido a partir de Tipo de ítem Koha
El ejemplar forma parte de la colección y puede ser consultado según las políticas vigentes.       Biblioteca del Museo Franz Mayer (Rogerio Casas-Alatriste) Biblioteca del Museo Franz Mayer (Rogerio Casas-Alatriste) 27/06/2008   N6948.5 .S75 1986 02246 22/03/2019 22/03/2019 Libros